[Event "NOR-chB"]
[Site "Stavanger"]
[Date "2005.07.02"]
[Round "1"]
[White "Thonstad, Tore"]
[Black "Skjoeveland, Olav"]
[Result "1-0"]
[WhiteElo "1369"]
[BlackElo "1177"]
[PlyCount "91"]
[EventDate "2005.07.01"]
[EventType "swiss"]
[EventRounds "9"]
[EventCountry "NOR"]
[SourceTitle "CBM 107 Extra"]
[Source "ChessBase"]
[SourceDate "2005.09.01"]
[SourceVersion "1"]
[SourceVersionDate "2005.09.01"]
[SourceQuality "1"]

1. d4 f5 2. c4 e6 3. Nc3 Nf6 4. a3 Be7 5. Nf3 0-0 6. Bf4 d6 7. e3 Qe8 8. Bd3 b6 9. 0-0 Bb7 10. Be2 Nbd7 11. d5 e5 12. Bg3 a6 13. Ng5 Bd8 14. Ne6 Rf7 15. b4 Nf8 16. Ng5 Re7 17. Qc2 Bc8 18. Rfd1 e4 19. Rac1 h6 20. Nh3 Ng6 21. Bf1 Ne5 22. Bxe5 Rxe5 23. Nf4 g5 24. Nfe2 Qg6 25. c5 b5 26. cxd6 cxd6 27. Nd4 Bd7 28. Nc6 Bxc6 29. dxc6 Bc7 30. Qb2 Kh7 31. Qb3 Qg7 32. a4 Rb8 33. axb5 axb5 34. Nd5 Nxd5 35. Rxd5 Kg6 36. Rcd1 Qe7 37. Qc3 g4 38. g3 Qf6 39. Rxe5 d5 40. Qd2 Qxe5 41. Qxd5 Qxd5 42. Rxd5 Rb6 43. Bxb5 Kf6 44. Kf1 Be5 45. Ke2 Bc3 46. c7 1-0